01251nam a22001937a 450000500170000000800410001702000180005804000070007604100120008308200210009510000180011624500470013426000440018130000280022536500520025352007230030565000090102870000200103720240701143732.0240701b ||||| |||| 00| 0 eng d a9789390166817 cAL aEnglish 223a153.35bHOLC aPeter Hollins aControl Your Thoughts: Master Your Mindset aAhmedabadbJaico Publishing Housec2023 avi,195p.bPBc21x14 cm. a593b₹319.00c₹d₹399.00e20%f03-05-2024 aYour thoughts determine your actions. your actions determine your life. harness and control them to achieve the impossible. Control Your Thoughts is a guide on transformation. Your actions, behaviors, and perspective of the world stem from your thoughts. Unfortunately, this may be harming you rather than helping you. This book takes a deep look into how people tend to think, how they should subtly re-frame their thoughts to feel confident, powerful, happy, and in charge of their own life. Intentional thinking is your vehicle to get from point A to point B – point B is the life you want. Every chapter has actionable advice to implement today. The changes are small and simple, but they have huge implications. aMind aHOLLINS (Peter)